000
00332nam a22001457a 4500
003
SGT
020
_a
978-93-86237-45-8
082
_a
630
_b
PAN
100
_a
PANIGRAHY, SAKTI RAJAN
245
_a
AGRO-ENTREPRENEURSHIP
260
_a
INDIA
_b
SCIENTIFIC
_c
2017
300
_a
213
650
_a
AGRO-ENTREPRENEURSHIP
942
_2
ddc
_c
BK
999
_c
25780
_d
25780